Central Library OPAC University of Rajshahi

Enzyme handbook / (Record no. 15395)

MARC details
000 -LEADER
fixed length control field 00685cam a2200253 4500
001 - CONTROL NUMBER
control field 15395
003 - CONTROL NUMBER IDENTIFIER
rucl marc code BD-RjUL
005 - DATE AND TIME OF LATEST TRANSACTION
control field 20211208235816.0
008 - FIXED-LENGTH DATA ELEMENTS--GENERAL INFORMATION
fixed length control field 140210s1969 nyu b 001 0 eng d
035 ## - SYSTEM CONTROL NUMBER
System control number (BD-RjUL)15449
040 ## - CATALOGING SOURCE
Original cataloging agency DLC
Transcribing agency DLC
Modifying agency DLC
-- BD-RjUL
Language of cataloging eng
041 ## - LANGUAGE CODE
Language code of text/sound track or separate title eng
082 00 - DEWEY DECIMAL CLASSIFICATION NUMBER
Classification number 572.7
Author mark and year BAE 1969
Edition number 23
100 1# - MAIN ENTRY--PERSONAL NAME
Personal name Barman, Thomas E.
9 (RLIN) 45434
245 10 - TITLE STATEMENT
Title Enzyme handbook /
Statement of responsibility, etc. Thomas E. Barman.
260 ## - PUBLICATION, DISTRIBUTION, ETC. (IMPRINT)
Place of publication, distribution, etc. New York :
Name of publisher, distributor, etc. Springer,
Date of publication, distribution, etc. 1969-1974
300 ## - PHYSICAL DESCRIPTION
Pagination v. ;
Size 22 cm.
350 ## - PRICE (NR) (BK AM CF MU VM SE) [OBSOLETE]
Price 78.00
504 ## - BIBLIOGRAPHY, ETC. NOTE
Bibliography, etc Includes bibliographies.
505 0# - FORMATTED CONTENTS NOTE
Formatted contents note V.1. -- V.2. --
650 #0 - SUBJECT ADDED ENTRY--TOPICAL TERM
Topical term or geographic name as entry element Enzymes
General subdivision Handbooks, manuals, etc.
9 (RLIN) 45435
942 ## - ADDED ENTRY ELEMENTS (KOHA)
Source of classification or shelving scheme Dewey Decimal Classification
Koha item type Books
Holdings
Lost status Source of classification or shelving scheme Materials specified (bound volume or other part) Damaged status Not for loan Collection code Permanent Location Current Location Shelving location Date acquired Source of acquisition Cost, normal purchase price Total Checkouts Full call number Date last seen Copy number Koha item type
  Dewey Decimal Classification V-2     Non-fiction Central Library, University of Rajshahi Central Library, University of Rajshahi   09/05/1977 W.HEFFER AND SONS 10.75   572.7 BAE V-2 1969 10/02/2014 C-2 Books
  Dewey Decimal Classification     Not For Loan Non-fiction Central Library, University of Rajshahi Central Library, University of Rajshahi Reading Room 09/05/1977 Heffers 10.75   572.7 BAE V-2 1969 17/04/2017 C-1 Books
  Dewey Decimal Classification     Not For Loan Non-fiction Central Library, University of Rajshahi Central Library, University of Rajshahi Reading Room 09/05/1975 Hefffer and sons 10.75   572.7 BAE V-1 1969 23/05/2017 C-1 Books